| 000 | 00781nam a2200253Ia 4500 | ||
|---|---|---|---|
| 003 | OSt | ||
| 005 | 20220928114737.0 | ||
| 006 | a|||||r|||| 00| 0 | ||
| 007 | ta | ||
| 008 | 220927b |||||||| |||| 00| 0 eng d | ||
| 020 | _cUKP 75.00 | ||
| 024 | _a135956 | ||
| 037 |
_b107, 28/09/2017, Classic Book Service _cTextual |
||
| 040 |
_aSDCL _cSDCL _beng |
||
| 041 |
_2eng _aeng |
||
| 082 | _aO-,1K08:g, Q7 | ||
| 100 |
_aPrawdzik Brendan _9440736 |
||
| 245 | 0 |
_aTheatrical milton _b Politics and poetics of the staged body |
|
| 260 |
_aEdinburgh _bEdinburgh University Press _c2017 |
||
| 300 |
_ax,247p. _ccm. |
||
| 650 | _aEnglish | ||
| 942 |
_hO-,1K08:g, Q7 _cTEXL _2CC |
||
| 999 |
_c756270 _d756270 |
||